000 00574nam a2200205Ia 4500
008 230125s9999 xx 000 0 und d
020 _a81-7881-963-5
041 _aeng
082 _a658.4033
_bTHE
100 _aThe ICFAI University
_9114854
245 _aQuantitative Methods : Workbook : Vol. 1
250 _a1st Ed.
260 _c2005
_bThe ICFAI University
_aHyderabad
300 _a492p
440 _aICFAI
500 _aICFAI Series Book;Quantitative methods
650 _aMathematics
_9106897
700 _aThe ICFAI University
_9114854
999 _c92468
_d92468